| 000 | 00680 a2200205 4500 | ||
|---|---|---|---|
| 003 | OSt | ||
| 005 | 20180116182639.0 | ||
| 008 | 160426b xxu||||| |||| 00| 0 eng d | ||
| 020 | _a8125913777 | ||
| 020 | _a9788125913771 | ||
| 040 | _c0 | ||
| 100 | _aPradeep Kumar Malthur. | ||
| 245 | 0 | 0 | _aImplementing iso 9001 ; 2000. |
| 260 |
_a[S.l.] : _bVikas Publishing House (P) Ltd., _c2004. |
||
| 300 | _a1 v. (unpaged) | ||
| 500 | _aUnknown Binding. | ||
| 856 | 4 | 0 |
_3Amazon.com _uhttp://www.amazon.com/exec/obidos/ASIN/8125913777/chopaconline-20 |
| 856 | 4 | 0 |
_3Amazon customer reviews _uhttp://www.chopac.org/cgi-bin/tools/azrev.pl?q=8125913777 |
| 942 |
_aNBS _cBK _k658.562 MAT _2ddc |
||
| 999 |
_c343337 _d343337 |
||